000 nam a22 a 4500
999 _c172838
_d172838
003 BLK
005 20221130174309.0
008 180411b bul|||||r ||||||| ||bul||
010 _aKNG00181199000
040 _aBLK
041 _aBUL
_cBUL
080 _aБългарска литература
_b821.163.2
_x-1
_z821.163.2-1
139 _aРусия, байряк дигнала
_bР 95
245 1 0 _aРусия, байряк дигнала
_bНар. песни за Русия и за Освобождението на България от османско робство
_cподб. и ред. Георги Савов Данчев; худож. Стоян Илиев
257 _aBGR
260 _aСофия
_bНар. младеж
_c1979
300 _a55 с.
_bс ил.
_c22 см
380 _a3
700 1 _aДанчев, Георги Савов
_eподб. и ред.
_9382956
700 1 _aИлиев, Стоян
_eхудож.
_9363990
852 _aЦб 98982
_bЦб
856 4 _qpdf
_i0.00
_ldisable
942 _cKNG
_n0
_s1
944 _aCR
_c08.09.2015
_kНаталия_Любомирова
944 _aED
_c26.09.2017
_kКети_Илиева